000 00285nam a22001337a 4500
008 170411b xxu||||| |||| 00| 0 eng d
020 _a9780738211091
041 _aeng
080 _a618
100 _a10
101 _aSHM
245 _aYOUR PREGNANCY
_cCURTIS.G.B
942 _2udc
_cBK
999 _c10381
_d10381